00481nam a2200157Ia 450000100060000000300040000600500170001000800410002704000110006804100080007908200270008710000190011424501140013370000410024770000350028835560Ost20260507160530.0251113s9999||||xx |||||||||||||| ||eng|| cnitttr aeng aTK7895.E42bA33 2013eb aCarro, Luigi. 0aAdaptable Embedded Systems /cCarro, Luigi., Lang Lisbo?a, Carlos Arthur., Beck Fl., Antonio Carlos Schneider a Beck Fl., Antonio Carlos Schneider a Lang Lisbo?a, Carlos Arthur.